000 03932nas a22002777a 4500
003 NALT
005 20251014130552.0
006 a|||p|r|||| 00| 0
007 ta
008 251014b th |||p| |||| 00| 0 tha d
040 _aNALT
041 _atha
245 0 0 _aดุลพาห ปีที่ 56 เล่ม 1-2 (มกราคม-สิงหาคม 2552).
260 _aรุ่งศิลป์การพิมพ์.
310 _aรายสี่เดือน.
500 _aวารสารเย็บเล่ม
505 2 _aปีที่ 56 เล่ม 1 ม.ค.-เม.ย. 2552 -- ผู้ครอบครองทรัพย์อันตรายตามมาตรา 437 ต้องเป็นผู้ดูแลด้วย? -- ศาลฎีกา : ยุติธรรมสถานชั้นสูงสุด -- การจ้างงานผู้สูงอายุในประเทศญี่ปุ่น -- คดีล้มละลายของ ลูกหนี้บุคคลธรรมดาในประเทศสหรัฐอเมริกา -- การโคลนมนุษย์กับการเกิดและการตายในมุมมองของพระพุทธศาสนาแบบเถรวาท -- Identity Theft อาชญากรรมใกล้ตัว -- พระราชบัญญัติความรับผิด ต่อความเสียหายที่เกิดขึ้นจากสินค้าที่ไม่ปลอดภัยตามกฎหมายเยอรมัน -- สัมผัสคดีดังต่างประเทศ : เจาะม่านนิติบุคคล.
505 2 _aปีที่ 56 เล่ม 2 พ.ค.-ส.ค. 2552 --ลูกไม้หล่นไม่ไกลต้น -- ข้อพิจารณาเกี่ยวกับการเก็บภาษีเงินได้บุคคลธรรมดาของสหรัฐอเมริกาตามหลักสัญชาติและหลักถิ่นที่อยู่ -- สิทธิที่จะปฏิเสธการรักษา-สิทธิ ที่จะตาย -- หนังสือแสดงเจตนาเกี่ยวกับการรักษาพยาบาลในวาระสุดท้ายของชีวิต -- การพัฒนาระบบไกล่เกลี่ยข้อพิพาทในศาลยุติธรรม -- ข้อพิจารณาเกี่ยวกับกฎหมายคุ้มครองผู้บริโภค -- ค่าสินไหม ทดแทนในคดีผู้บริโภค -- การปฏิเสธไม่ขนคนโดยสาร (Denied Boarding) ในกรณีที่ที่นั่งในเที่ยวบินนั้นเต็ม -- สิทธิในการไม่สมาคม : ศึกษากรณีการลาออกจากสมาชิกนิติบุคคลหมู่บ้านจัดสรร -- "ธรรมะ" ในฐานะหลักการของกฎหมายตราสามดวง -- ความผิดฐานลักทรัพย์ตามประมวลกฎหมายอาญาเยอรมัน.
650 0 _aผู้สูงอายุ
_xการจ้างงาน
_zญี่ปุ่น
_933946
650 0 _aสิทธิการตาย
_940231
850 _aNALT
866 _aปีที่ 56 เล่ม 1-2 (มกราคม-สิงหาคม 2552).
942 _cBOUND
996 _aaroonthip.c
_bLIBSTF
_c2025-10-14
999 _c107360
_d107360
998 _h179
_j179
_k นางสาวอรุณทิพย์ จันทร์ดิษฐ์